| 000 | 00530nam a2200181Ia 4500 | ||
|---|---|---|---|
| 003 | IN-BaIIA | ||
| 008 | 211028s9999 xx 000 0 eng d | ||
| 020 | _a0-395-25518-X | ||
| 040 | _cIIA Library | ||
| 080 |
_a52 _bSWI |
||
| 100 |
_aSwihart, Thomas L _95857 |
||
| 245 | 0 |
_aJourney through the universe _ban introduction to astronomy _cThomas L Swihart |
|
| 260 |
_aBoston _bHoughton Mifflin _c1978 |
||
| 300 | _axiv, 366p. | ||
| 650 | _aStars | ||
| 650 |
_aUniverse _91987 |
||
| 942 | _cBK | ||
| 999 |
_c6311 _d6311 |
||